01562nam a2200301 a 450000100100000000500170001000800410002702000150006804000250008308200150010810000470012324501440017026000360031430000200035049000110037049000290038150400310041059000270044183000180046883000360048695201280052295201280065095201190077895201130089795201190101095201140112999900170124300002205320200930011549.0100916s2005 dr 000 0 spa d a9993481254 aDO-SdBNPbspacBNPHU axxxbA473i1 aÁlvarez Álvarez, Alicia María94570413aLa imagen corporativa en la comunicación organizacional :bteorías, conceptos y puntos de vistas /cAlicia María Álvarez Álvarez. aSanto Domingo :bUNAPEC,c2005. a68 p. ;c22 cm.1 aUNAPEC1 aArte y comunicaciónv1 aBibliografías : p. 63-68 aInventariado, 2019/ YL 0aUNAPEC945705 0aArte y comunicaciónn1945706 001054708DSaGRbGRcCTd2010-09-16iLF1l0oxxx A473ip22053-30r2020-06-25te. 3w2020-06-25yLFDSZPréstamo en sala 001054708DSaGRbGRcCTd2010-09-16iLF1l0oxxx A473ip22053-40r2020-06-25te. 4w2020-06-25yLFDSZPréstamo en sala 0010718DSaGRbGRcCTd2019-06-24iLF1l0oxxx A473ip22053-50r2020-06-25te. 5w2020-06-25yLFDSZNo se presta 0010718PDaPDbPDcCTd2010-09-16iLF1l0oxxx A473ip22053-10r2020-06-25w2020-06-25yLFPDZNo se presta 0010718PDaPDbPDcCTd2010-09-16iLF1l0oxxx A473ip22053-20r2020-06-25te. 2w2020-06-25yLFPDZNo se presta 00107-18PDaPDbPDcOId2010-09-16iLF1l0oxxx A473ip22054-10r2020-06-25w2020-06-25yLFPDZNo se presta c21551d21551